00903nam a2200193 i 450000100060000000300090000600500170001500700030003200800410003508000110007610000330008724503350012026000570045530000220051265000160053470000600055074000500061085200490066049313ES-MaACL20251001141542.0t|030714s1875 sp ||||1| spa d a612.681 aCortés y Morales, Balbino.10aTesoro de la salud b: novísimo tratado de longevidad humana o El más eficaz sistema para alargar la vida con el espedífico mas simple, saludable y barato que existem compuesto segun las doctrinas y preceptos de los eminentes doctores en medicina Sres. Burggraeve y nuestro Ferrer Gorraiz / cpor Balbino Cortés y Morales. aMadrid : b[s.n.], c1875 (fImp. de J. A. García) a132 p. ; c19 cm.04aLongevidad.1 aFerrer Gorraiz Beaumont y Montesa, Vicente, d1718-17923 aEl más eficaz sistema para alargar la vida. aES-MaACLjD-1373 z.- Legado M. de la Fuente